The time machine/ (Record no. 206347)

MARC details
000 -LEADER
fixed length control field 00488nam a2200181 a 4500
005 - DATE AND TIME OF LATEST TRANSACTION
control field 20241011155132.0
010 ## - LCCN (DPL NO)
LC control number ENG-142118
020 ## - INTERNATIONAL STANDARD BOOK NUMBER
Terms of availability 150.00
International Standard Book Number 9788190487672
035 ## - SYSTEM CONTROL NUMBER
System control number EN-125650
037 ## - SOURCE OF ACQUISITION
Source of stock number/acquisition DBAD
082 ## - DEWEY DECIMAL CLASSIFICATION NUMBER
Classification number S
100 ## - MAIN ENTRY--PERSONAL NAME
Personal name Wells, H.G.
245 ## - TITLE STATEMENT
Title The time machine/
Statement of responsibility, etc by H.G. Wells
260 ## - PUBLICATION, DISTRIBUTION, ETC. (IMPRINT)
Place of publication, distribution, etc New Delhi
Name of publisher, distributor, etc V&S Publishers
Date of publication, distribution, etc 2009
270 ## - ADDRESS
Address F-2/16, Ansari Road, Darya Ganj
City New Delhi
Postal code 110002
300 ## - PHYSICAL DESCRIPTION
Extent 88p.
Dimensions 21cm(Hb)
942 ## - ADDED ENTRY ELEMENTS (KOHA)
Source of classification or shelving scheme Dewey Decimal Classification
Item type English Books
Call number suffix WEL
Classification part S
Holdings
Withdrawn status Lost status Not for loan Collection code Home library Current library Date acquired Source of acquisition Cost, normal purchase price Full call number Barcode Copy number Cost, replacement price Koha item type
      Non-fiction Sarojini Nagar Sarojini Nagar 11/10/2024 Delivery of Books Act Division 250.00 WEL S EN-125650 1 250.00 English Books

© Delhi Public Library
Hit Counter
free hit counter